banner koha

Infeccao estreptococica em cobairas (Cavia cobaya) (Registro n. 146827)

MARC details
000 -LÍDER
campo de controle de tamanho fixo 00804nas a2200277 4500
001 - NÚMERO DE CONTROLE
campo de controle BR9212823
003 - IDENTIFICADOR DO NÚMERO DE CONTROLE
campo de controle BR-BrBNA
005 - DATA E HORÁRIO DA ÚLTIMA TRANSAÇÃO
campo de controle 20231205094802.0
007 - CAMPO FIXO DE DESCRIÇÃO FÍSICA--INFORMAÇÃO GERAL
campo de controle de tamanho fixo ta
008 - CAMPO DE DADOS FIXOS--INFORMAÇÃO GERAL
campo de controle de tamanho fixo 230509b bl.|||p| |||| 00| 00por d
040 ## - FONTE DA CATALOGAÇÃO
Instituição da catalogação original BR-BrBNA
Idioma da catalogação por
Instituição que transcreveu o registro Biblioteca Nacional de Agricultura
041 ## - CÓDIGO DE IDIOMA
Código do idioma do texto/trilha sonora ou título diferente (Pt)
072 ## - CÓDIGO DE CATEGORIA DE ASSUNTO
Código de Categoria de Assunto L70
100 1# - ENTRADA PRINCIPAL--NOME PESSOAL
Nome pessoal Mello, P.A. de
100 1# - ENTRADA PRINCIPAL--NOME PESSOAL
Nome pessoal Portugal, M.A.S.C.
100 1# - ENTRADA PRINCIPAL--NOME PESSOAL
Nome pessoal Giorgi, W.
100 1# - ENTRADA PRINCIPAL--NOME PESSOAL
Nome pessoal Ibanez, O.C.M.
100 1# - ENTRADA PRINCIPAL--NOME PESSOAL
Nome pessoal Macruz, R.
245 1# - TÍTULO
Título Infeccao estreptococica em cobairas (Cavia cobaya)
650 ## - ASSUNTO--TERMO TÓPICO
Cabeçalho tópico ou nome geográfico Animal de laboratorio
650 ## - ASSUNTO--TERMO TÓPICO
Cabeçalho tópico ou nome geográfico Cobaia
650 ## - ASSUNTO--TERMO TÓPICO
Cabeçalho tópico ou nome geográfico Infeccao
773 0# - ENTRADA ANALÍTICA
Título Arquivos do Instituto Biologico (Brazil)
ISSN - International Standard Serial Number ISSN 0020-3653
Partes relacionadas (Jan-Dec 1981), v. 48(1-4) p. 101-107
Número de controle do registro BR9212823
909 ## -
-- 202311
-- Lúcia
-- 55
-- Lúcia Elande
942 ## - ELEMENTOS DE ENTRADA ADICIONADOS (KOHA)
Fonte da classificação ou esquema de arquivamento na estante Classificação AGRIS
Ocultar no OPAC Não
Tipo de material Koha Analítica

Nenhum exemplar disponível.

BINAGRI

Telefone: (61)3218-2567/2388/3357/2097 - binagri@agro.gov.br

Ministério da Agricultura e Pecuária , Esplanada dos Ministérios, Bloco D, Anexo B, Brasília/DF, CEP: 70.043-900